<?xml version="1.0" encoding="UTF-8"?>
<record
    xmlns:xsi="http://www.w3.org/2001/XMLSchema-instance"
    xsi:schemaLocation="http://www.loc.gov/MARC21/slim http://www.loc.gov/standards/marcxml/schema/MARC21slim.xsd"
    xmlns="http://www.loc.gov/MARC21/slim">

  <leader>02973nam a22002897a 4500</leader>
  <controlfield tag="003">DO-SdBNP</controlfield>
  <controlfield tag="005">20211122090845.0</controlfield>
  <controlfield tag="007">ta</controlfield>
  <controlfield tag="008">211122b2019    dr ac||| |||| 00| 0 spa d</controlfield>
  <datafield tag="020" ind1=" " ind2=" ">
    <subfield code="a">9789945614459</subfield>
  </datafield>
  <datafield tag="040" ind1=" " ind2=" ">
    <subfield code="a">DO-SdBNP</subfield>
    <subfield code="b">spa</subfield>
    <subfield code="c">BNPHU </subfield>
  </datafield>
  <datafield tag="245" ind1="0" ind2="0">
    <subfield code="a">4 d&#xED;as de abril y las notas del teniente coronel constitucionalista Vinicio Antonio Fern&#xE1;ndez P&#xE9;rez /</subfield>
    <subfield code="c">coordinador ; Osvaldo A. Fern&#xE1;ndez Dom&#xED;nguez ; colaboradores Kirshe M. Fern&#xE1;ndez Dom&#xED;nguez, Vinicio A. Fern&#xE1;ndez Dom&#xED;nguez, Roberto A. Fern&#xE1;ndez Dom&#xED;nguez.</subfield>
  </datafield>
  <datafield tag="246" ind1="0" ind2="0">
    <subfield code="a">Cuatro d&#xED;as de abril y las notas del teniente coronel constitucionalista Vinicio Antonio Fern&#xE1;ndez P&#xE9;rez.</subfield>
  </datafield>
  <datafield tag="260" ind1=" " ind2=" ">
    <subfield code="a">Santo Domingo :</subfield>
    <subfield code="b">Santuario, </subfield>
    <subfield code="c">2019.</subfield>
  </datafield>
  <datafield tag="300" ind1=" " ind2=" ">
    <subfield code="a">402 p. :</subfield>
    <subfield code="b">il., retrs. ;</subfield>
    <subfield code="c">23 cm. </subfield>
  </datafield>
  <datafield tag="500" ind1=" " ind2=" ">
    <subfield code="a">Incluye datos biogr&#xE1;ficos del coordinador  y los colaboradores en la solapa de la cubierta</subfield>
  </datafield>
  <datafield tag="500" ind1=" " ind2=" ">
    <subfield code="a">Incluye referencias bibliogr&#xE1;ficas y notas al pie de las p&#xE1;ginas</subfield>
  </datafield>
  <datafield tag="504" ind1=" " ind2=" ">
    <subfield code="a">Bibliograf&#xED;a : p. 339-345</subfield>
  </datafield>
  <datafield tag="505" ind1="0" ind2=" ">
    <subfield code="a">Dedicatoria, 11.-- Agradecimiento, 13.-- Pr&#xF3;logo, 15.-- Primera parte. Los antecedentes, 25.-- La Rep&#xFA;blica Dominicana dentro del marco pol&#xED;tico latinoamericano, 47.-- La Guerra Fr&#xED;a, su impacto en Am&#xE9;rica Latina y los militares dominicanos, 53.-- Los Estados Unidos, el comunismo y el declive de Trujillo, 61.-- Un mundo cambiante: final de la dictadura de Trujillo, 67.-- Las Fuerzas Armadas dominicanas tras la ca&#xED;da de Trujillo, 79.-- De la dictadura a la democracia, 87.-- Segunda parte. Los siete meses del gobierno de Juan Bosch, 103.-- El golpe de Estado a Juan Bosch, 153.-- &#xBF;Por qu&#xE9; no se ejecut&#xF3; el contragolpe?, 167.-- El Triunvirato, 175.-- El nuevo embajador norteamericano en la Rep&#xFA;blica Dominicana: William Tapley Bennett, 189.-- Corrupci&#xF3;n en las Fuerzas Armadas y esfuerzos civiles contra el Triunvirato, 193.-- Preludio a la Revoluci&#xF3;n (1963 hasta abril de 1965), 205.-- 1965: 4 d&#xED;as de revoluci&#xF3;n, 223.-- La vuelta a la constitucionalidad: &#xBF;Junta Militar o guerra fraticida?, 263.-- El Dr. Jos&#xE9; Rafael Molina Ure&#xF1;a asume la presidencia, 269.-- Ep&#xED;logo: el conflicto armado y el coronel constitucionalista Vinicio Antonio Fern&#xE1;ndez P&#xE9;rez, 335.-- Bibliograf&#xED;a, 339.-- Anexos, 347.-- Anexo 1. Relaci&#xF3;n de los principales oficiales constitucionalistas del Ej&#xE9;rcito Nacional de las primeras horas, 349.-- Anexo 2. La muerte de un guerrero: Ilio Capozzi. Testimonio del general (r) Iv&#xE1;n Fern&#xE1;ndez, 351.-- Anexo 3. El per&#xED;odo de la posguerra, 355.-- Anexo 4. Rol de los Estados Unidos en la Revoluci&#xF3;n de Abril de 1965, 363.-- Glosario.</subfield>
  </datafield>
  <datafield tag="590" ind1=" " ind2=" ">
    <subfield code="a">Inventariado, 2021 /LP

</subfield>
  </datafield>
  <datafield tag="700" ind1="1" ind2=" ">
    <subfield code="a">Fern&#xE1;ndez Dom&#xED;nguez, Osvaldo A.,</subfield>
    <subfield code="d">1963-</subfield>
    <subfield code="9">80691</subfield>
  </datafield>
  <datafield tag="700" ind1="1" ind2=" ">
    <subfield code="a">Fern&#xE1;ndez Dom&#xED;nguez, Kirshe M.,</subfield>
    <subfield code="d">1950-</subfield>
    <subfield code="e">colaborador</subfield>
    <subfield code="9">80692</subfield>
  </datafield>
  <datafield tag="700" ind1="1" ind2=" ">
    <subfield code="a">Fern&#xE1;ndez Dom&#xED;nguez, Vinicio A.,</subfield>
    <subfield code="d">1951-</subfield>
    <subfield code="e">colaborador</subfield>
    <subfield code="9">80693</subfield>
  </datafield>
  <datafield tag="700" ind1="1" ind2=" ">
    <subfield code="a">Fern&#xE1;ndez Dom&#xED;nguez, Roberto A.,</subfield>
    <subfield code="d">1956-</subfield>
    <subfield code="e">colaborador</subfield>
    <subfield code="9">80694</subfield>
  </datafield>
  <datafield tag="910" ind1=" " ind2=" ">
    <subfield code="a">Lop&#xE9;rez</subfield>
  </datafield>
  <datafield tag="942" ind1=" " ind2=" ">
    <subfield code="2">ddc</subfield>
    <subfield code="c">LBS1</subfield>
  </datafield>
  <datafield tag="952" ind1=" " ind2=" ">
    <subfield code="0">0</subfield>
    <subfield code="1">0</subfield>
    <subfield code="2">ddc</subfield>
    <subfield code="5">1</subfield>
    <subfield code="7">0</subfield>
    <subfield code="8">PD</subfield>
    <subfield code="a">BNPHU</subfield>
    <subfield code="b">PD</subfield>
    <subfield code="c">HD</subfield>
    <subfield code="d">2021-11-22</subfield>
    <subfield code="e">Dep&#xF3;sito Legal </subfield>
    <subfield code="l">0</subfield>
    <subfield code="p">2021-28246</subfield>
    <subfield code="r">2021-11-22</subfield>
    <subfield code="w">2021-11-22</subfield>
    <subfield code="y">LFPD</subfield>
  </datafield>
  <datafield tag="952" ind1=" " ind2=" ">
    <subfield code="0">0</subfield>
    <subfield code="1">0</subfield>
    <subfield code="2">ddc</subfield>
    <subfield code="5">1</subfield>
    <subfield code="7">0</subfield>
    <subfield code="8">PD</subfield>
    <subfield code="a">BNPHU</subfield>
    <subfield code="b">PD</subfield>
    <subfield code="c">HD</subfield>
    <subfield code="d">2021-11-22</subfield>
    <subfield code="e">Dep&#xF3;sito Legal </subfield>
    <subfield code="l">0</subfield>
    <subfield code="p">2021-28247</subfield>
    <subfield code="r">2021-11-22</subfield>
    <subfield code="t">e.2</subfield>
    <subfield code="w">2021-11-22</subfield>
    <subfield code="y">LFPD</subfield>
  </datafield>
  <datafield tag="952" ind1=" " ind2=" ">
    <subfield code="0">0</subfield>
    <subfield code="1">0</subfield>
    <subfield code="2">ddc</subfield>
    <subfield code="5">6</subfield>
    <subfield code="7">0</subfield>
    <subfield code="8">DS</subfield>
    <subfield code="a">BNPHU</subfield>
    <subfield code="b">DO</subfield>
    <subfield code="c">HD</subfield>
    <subfield code="d">2021-11-22</subfield>
    <subfield code="e">Dep&#xF3;sito Legal </subfield>
    <subfield code="l">0</subfield>
    <subfield code="p">2021-28248</subfield>
    <subfield code="r">2021-11-22</subfield>
    <subfield code="t">e.3</subfield>
    <subfield code="w">2021-11-22</subfield>
    <subfield code="y">LFDS</subfield>
  </datafield>
  <datafield tag="999" ind1=" " ind2=" ">
    <subfield code="c">51009</subfield>
    <subfield code="d">51009</subfield>
  </datafield>
</record>
